| 000 | 00966nac a22002411u 4500 | ||
|---|---|---|---|
| 020 | _a0750663421 : | ||
| 082 |
_a363.74622 _bSOU |
||
| 090 |
_c8346 _d8346 |
||
| 100 | _aSouth, Tim | ||
| 245 |
_aManaging noise and vibration at work : a practical guide to assessment, measurement and control / _ba practical guide to assessment, measurement and control / _cTim South. |
||
| 260 |
_aOxford : _bElsevier Butterworth Heinemann, 2004. _cc2004. |
||
| 300 |
_aix, 268 p. : _bill. ; _c24 cm. |
||
| 500 | _aDistributer: Al-Ahram | ||
| 504 | _aIncludes bibliographical references and index. | ||
| 511 | _aCatalogued by: Sara | ||
| 650 | _aNoise control | ||
| 650 | _aVibration syndrome--Prevention | ||
| 650 | _aNoise, Occupational | ||
| 650 | _aNoise, Occupational--prevention & control | ||
| 650 | _aVibration--adverse effects | ||
| 650 | _aOccupational Diseases--prevention & control | ||
| 942 |
_cBB _k363.74622SOU |
||
| 999 |
_c8346 _d8346 |
||